[Event "Preferente Aragonesa 2024 - Grupo II"]
[Site "?"]
[Date "2024.03.23"]
[Round "9.64"]
[White "Sanchez Castro, Roberto"]
[Black "Hernando Garcia, Antonio"]
[Result "0-1"]
[WhiteElo "1916"]
[BlackElo "2070"]
[PlyCount "112"]
[GameId "2166508143387307"]
[EventDate "2024.01.27"]
[WhiteTeam "Iberajedrez Mundo 64 B"]
[BlackTeam "El Olivar B"]

1. d4 d5 2. Nf3 Nf6 3. e3 e6 4. Bd3 c5 5. O-O Nbd7 6. b3 Be7 7. Nbd2 cxd4 8. exd4 O-O 9. Bb2 b6 10. Qe2 Bb7 11. Ne5 Nxe5 12. dxe5 Nd7 13. c4 Nc5 14. Bc2 dxc4 15. Nxc4 Ba6 16. Rfd1 Qc8 17. Rac1 g6 18. Bb1 Rd8 19. Qg4 Rxd1+ 20. Qxd1 Bxc4 21. Rxc4 Qe8 22. Qe2 Rd8 23. Bc2 a5 24. Rc3 Qd7 25. Bc1 Qd4 26. Qe1 Rd5 27. Rc4 Qxe5 28. Qf1 Qa1 29. a3 Rd4 30. Rxd4 Qxd4 31. g3 h5 32. h4 Bf6 33. a4 Qa1 34. Kg2 Kg7 35. Qd1 Qd4 36. Bd2 Ne4 37. Bxe4 Qxe4+ 38. f3 Qd5 39. Qc2 Bd4 40. Qd3 e5 41. Bc1 Qc5 42. Qd2 Qc3 43. Qxc3 Bxc3 44. Be3 Bd4 45. Bd2 f5 46. Kf1 Kf6 47. Ke2 Ke6 48. Be1 Kd5 49. Kd3 e4+ 50. Ke2 Bc5 51. Bc3 Bb4 52. Bxb4 axb4 53. f4 Kd4 54. Kd2 e3+ 55. Ke2 Ke4 56. g4 fxg4 0-1

[Event "Preferente Aragonesa 2024 - Grupo II"]
[Site "?"]
[Date "2024.03.23"]
[Round "9.65"]
[White "Veras Sanz, Marino"]
[Black "Garcia Monterde, Francisco Jose"]
[Result "1/2-1/2"]
[WhiteElo "2009"]
[BlackElo "1826"]
[PlyCount "39"]
[GameId "2166508143424172"]
[EventDate "2024.01.27"]
[WhiteTeam "El Olivar B"]
[BlackTeam "Iberajedrez Mundo 64 B"]

1. d4 Nf6 2. Nf3 e6 3. c4 Bb4+ 4. Bd2 Qe7 5. g3 b6 6. Bg2 Bb7 7. O-O Bxd2 8. Nbxd2 O-O 9. Qc2 d6 10. Rac1 Nbd7 11. Nb3 c5 12. Rfd1 Rac8 13. e3 d5 14. dxc5 dxc4 15. Qxc4 Nxc5 16. Nxc5 Rxc5 17. Qa4 Ra5 18. Qf4 Nd5 19. Qc4 h6 20. a3 1/2-1/2

[Event "Preferente Aragonesa 2024 - Grupo II"]
[Site "?"]
[Date "2024.03.23"]
[Round "9.66"]
[White "Moreno Burillo, Marcos Antonio"]
[Black "Galve Guinea, Alejandro"]
[Result "1-0"]
[WhiteElo "1814"]
[BlackElo "1955"]
[PlyCount "55"]
[GameId "2166508143465133"]
[EventDate "2024.01.27"]
[WhiteTeam "Iberajedrez Mundo 64 B"]
[BlackTeam "El Olivar B"]

1. d4 d5 2. c4 c6 3. cxd5 cxd5 4. Bg5 Nc6 5. Nc3 Nf6 6. Bxf6 gxf6 7. e3 e6 8. Nf3 Qb6 9. Qd2 Bd7 10. Rc1 Na5 11. Bd3 Rc8 12. O-O Nc4 13. Bxc4 Rxc4 14. e4 Bg7 15. exd5 O-O 16. dxe6 fxe6 17. b3 Rcc8 18. Ne4 Bc6 19. Qe3 e5 20. Nc5 Rce8 21. dxe5 fxe5 22. Ng5 Qd8 23. Nce6 Qf6 24. Nxf8 Rxf8 25. Qg3 Kh8 26. Rfe1 Rg8 27. Qxe5 h6 28. Qxf6 1-0

[Event "Preferente Aragonesa 2024 - Grupo II"]
[Site "?"]
[Date "2024.03.23"]
[Round "9.67"]
[White "Bailo Remacha, Santiago"]
[Black "Barranco Castillo, Jose Antonio"]
[Result "1-0"]
[WhiteElo "1901"]
[BlackElo "1653"]
[PlyCount "67"]
[GameId "2166508143501998"]
[EventDate "2024.01.27"]
[WhiteTeam "El Olivar B"]
[BlackTeam "Iberajedrez Mundo 64 B"]

1. c4 e5 2. Nc3 Bb4 3. Nf3 Nc6 4. g3 Nge7 5. Bg2 O-O 6. Nd5 Bc5 7. O-O d6 8. d3 Nxd5 9. cxd5 Ne7 10. e4 c6 11. d4 exd4 12. Nxd4 cxd5 13. exd5 Nf5 14. Nb5 Bd7 15. Nc3 a6 16. a4 Qb6 17. Ne4 Bd4 18. Ra3 Be5 19. Rb3 Qa7 20. Rb4 a5 21. Rc4 b5 22. Rc2 bxa4 23. g4 Nh6 24. Be3 Qb8 25. h3 f5 26. g5 fxe4 27. gxh6 Qe8 28. hxg7 Rf3 29. Bxf3 exf3 30. Qxf3 Qg6+ 31. Kh1 Qxc2 32. Bh6 Bf5 33. Re1 Bg6 34. Qf8+ 1-0

[Event "Preferente Aragonesa 2024 - Grupo II"]
[Site "?"]
[Date "2024.03.23"]
[Round "9.68"]
[White "Ramo Frontinan, Cristobal"]
[Black "Lacamara Pasamar, Miguel"]
[Result "1-0"]
[WhiteElo "2310"]
[BlackElo "1887"]
[PlyCount "95"]
[GameId "2166508143534767"]
[EventDate "2024.01.27"]
[WhiteTeam "Maristas"]
[BlackTeam "Helios B"]

1. Nf3 Nf6 2. g3 c5 3. Bg2 g6 4. O-O Bg7 5. d3 O-O 6. e4 Nc6 7. Nbd2 d6 8. c3 e5 9. a3 h6 10. b4 Be6 11. Bb2 Nh7 12. b5 Ne7 13. d4 exd4 14. cxd4 Qb6 15. dxc5 dxc5 16. Bxg7 Kxg7 17. Qa4 Nc8 18. e5 a6 19. Rfb1 Bd7 20. Nc4 Qe6 21. Ne3 Nb6 22. Qc2 Bxb5 23. Qxc5 Na4 24. Qb4 Bd7 25. Rd1 Rab8 26. Rd6 Qe8 27. h4 Bc6 28. Qf4 Nc3 29. Re1 Nb5 30. Rdd1 Bxf3 31. Bxf3 Nxa3 32. Ng4 g5 33. hxg5 hxg5 34. Qc1 Nb5 35. Nf6 Qe7 36. Nd7 Rbc8 37. Qe3 Rc3 38. Qe4 Rd8 39. Bg4 Rc7 40. Qf5 Nc3 41. Nf6 Rh8 42. Nh5+ Kf8 43. Rd6 Rc6 44. Rd7 Qe8 45. Rxb7 Re6 46. Qd3 Qa8 47. Bf3 Nb5 48. Rxf7+ 1-0

[Event "Preferente Aragonesa 2024 - Grupo II"]
[Site "?"]
[Date "2024.03.23"]
[Round "9.69"]
[White "Lorente Melcon, Hector"]
[Black "Neila Castillo, Miguel Angel"]
[Result "1-0"]
[WhiteElo "1795"]
[BlackElo "2140"]
[PlyCount "84"]
[GameId "2166508143571632"]
[EventDate "2024.01.27"]
[WhiteTeam "Helios B"]
[BlackTeam "Maristas"]

1. e4 d5 2. exd5 Qxd5 3. Nc3 Qa5 4. d4 Nf6 5. Nf3 Bg4 6. Bd2 c6 7. h3 Bxf3 8. Qxf3 e6 9. Ne4 Qd8 10. Nxf6+ Qxf6 11. Qxf6 gxf6 12. Bd3 Nd7 13. O-O-O h5 14. g4 hxg4 15. hxg4 Rg8 16. f3 Bd6 17. Rh7 Ke7 18. Rdh1 Nf8 19. R7h6 a6 20. Rg1 Re8 21. c4 f5 22. Bxf5 exf5 23. Re1+ Ne6 24. gxf5 Kd7 25. fxe6+ fxe6 26. Rh7+ Re7 27. Reh1 Rgg7 28. R7h6 c5 29. dxc5 Bxc5 30. Rh8 Ref7 31. Rd1 Kc7 32. f4 Bd6 33. Ba5+ Kc6 34. Rc8+ Bc7 35. Re1 b6 36. Bc3 Rg6 37. Be5 Kb7 38. Rxc7+ Rxc7 39. Bxc7 Kxc7 40. Kd2 Kd6 41. Kd3 Rg4 42. Re4 Rg3+ 1-0

[Event "Preferente Aragonesa 2024 - Grupo II"]
[Site "?"]
[Date "2024.03.23"]
[Round "9.70"]
[White "Naya Sancho, Jose Ignacio"]
[Black "Anson Casaos, Alejandro"]
[Result "1/2-1/2"]
[WhiteElo "2102"]
[BlackElo "1794"]
[PlyCount "124"]
[GameId "2166508143604401"]
[EventDate "2024.01.27"]
[WhiteTeam "Maristas"]
[BlackTeam "Helios B"]

1. e4 c6 2. d4 d5 3. exd5 cxd5 4. Bd3 Nc6 5. c3 Nf6 6. Bf4 g6 7. h3 Bg7 8. Nf3 O-O 9. O-O Nh5 10. Bh2 Bh6 11. Re1 Nf4 12. Bf1 a6 13. Nbd2 Ne6 14. Ne5 Nxe5 15. Bxe5 Nf4 16. Nb3 f6 17. Bxf4 Bxf4 18. Nc5 Bc7 19. Ne6 Qd6 20. Nxc7 Qxc7 21. Qf3 e6 22. h4 Qf7 23. c4 Bd7 24. cxd5 exd5 25. Bd3 Rfe8 26. Bc2 Rxe1+ 27. Rxe1 Re8 28. Rxe8+ Bxe8 29. Bb3 Bc6 30. Qe3 Kf8 31. f3 Qe7 32. Kf2 Qxe3+ 33. Kxe3 Ke7 34. Kf4 h6 35. g3 Ke6 36. Bc2 Kf7 37. g4 Be8 38. Ke3 Ke7 39. Kd2 Kd6 40. Ke3 Ke7 41. Bb3 Bc6 42. Kd2 Kd6 43. Kc3 a5 44. Bc2 g5 45. hxg5 hxg5 46. Bg6 Bb5 47. Kd2 Bc4 48. Bb1 Bb5 49. Bc2 Bd7 50. Bd3 b5 51. b4 a4 52. Ke3 Be8 53. Bf5 Bc6 54. Kf2 Be8 55. Kg3 Bc6 56. Bg6 Bd7 57. f4 Bc6 58. Kf3 Bd7 59. Bf7 Bc6 60. Bg6 Bd7 61. Bf7 Bc6 62. Bg6 Bd7 1/2-1/2

[Event "Preferente Aragonesa 2024 - Grupo II"]
[Site "?"]
[Date "2024.03.23"]
[Round "9.71"]
[White "Gonzalez Azuara, Javier"]
[Black "Campo Millan, Diego"]
[Result "0-1"]
[WhiteElo "1707"]
[BlackElo "2060"]
[PlyCount "66"]
[GameId "2166508143641266"]
[EventDate "2024.01.27"]
[WhiteTeam "Helios B"]
[BlackTeam "Maristas"]

1. d4 Nf6 2. c4 g6 3. Nc3 d5 4. Bf4 Bg7 5. h3 O-O 6. Nf3 c5 7. cxd5 Nxd5 8. Be5 Bxe5 9. dxe5 Nxc3 10. Qxd8 Rxd8 11. bxc3 Nc6 12. e4 Na5 13. Be2 Be6 14. O-O h6 15. Rfd1 b6 16. Nh2 Rxd1+ 17. Bxd1 Rd8 18. Ng4 Rd3 19. Nxh6+ Kf8 20. f4 Rxc3 21. f5 Bc4 22. f6 Nc6 23. Ng4 b5 24. Bf3 Nd4 25. Kf2 Rc2+ 26. Kg3 Rxa2 27. Rd1 Ra3 28. Kf4 a5 29. Nh2 Rd3 30. Rc1 a4 31. Bg4 a3 32. Nf1 a2 33. Ra1 Nc2 0-1

[Event "Campeonato de Aragon por Equipos 2024 - "]
[Site "?"]
[Date "2024.04.06"]
[Round "10.1"]
[White "Gines Esteo, Pedro Antonio"]
[Black "Forcen Esteban, Daniel"]
[Result "0-1"]
[WhiteElo "2472"]
[BlackElo "2555"]
[PlyCount "130"]
[GameId "2166508143674035"]
[EventDate "2024.01.27"]
[WhiteTeam "MyInvestor Casablanca A"]
[BlackTeam "Jaime Casas"]

1. d4 Nf6 2. c4 e6 3. Nc3 Bb4 4. Qc2 d6 5. Bd2 O-O 6. a3 Bxc3 7. Bxc3 Nbd7 8. Nf3 Qe7 9. e4 e5 10. dxe5 dxe5 11. b4 b6 12. Be2 Bb7 13. Nd2 c5 14. O-O Rfe8 15. Rfb1 Nb8 16. b5 a5 17. Bd3 Nh5 18. Nf1 Nf4 19. Ne3 Nd7 20. Nd5 Qg5 21. Bf1 Ne6 22. Re1 Rad8 23. Re3 Nd4 24. Qd1 Bxd5 25. cxd5 f5 26. Rg3 Qe7 27. Bc4 Kh8 28. exf5 Nf6 29. Bxd4 cxd4 30. Rh3 Qc5 31. Ba2 Rc8 32. g4 Nxd5 33. Bxd5 Qxd5 34. g5 Qe4 35. g6 Qxf5 36. Rxh7+ Kg8 37. Qb3+ Re6 38. Kh1 Qe4+ 39. f3 Qxg6 40. Rxg7+ Kxg7 41. Rg1 Kh6 42. Rxg6+ Rxg6 43. h4 Rf8 44. Qd5 Rf4 45. Qd8 Kh7 46. Kh2 Rg7 47. h5 Rf5 48. Qe8 Rfg5 49. f4 exf4 50. Qe4+ Kh8 51. Qe8+ Kh7 52. Qe4+ Kh8 53. Qe8+ Rg8 54. Qf7 Rg2+ 55. Kh1 Rg1+ 56. Kh2 R1g2+ 57. Kh1 R2g4 58. Qf6+ Kh7 59. Kh2 R8g5 60. Qf7+ Rg7 61. Qf5+ Kh6 62. Qf6+ Kxh5 63. Qf5+ Kh6 64. Qf6+ Kh7 65. Qf5+ R4g6 0-1

[Event "Campeonato de Aragon por Equipos 2024 - "]
[Site "?"]
[Date "2024.04.06"]
[Round "10.2"]
[White "Antoli Royo, Joaquin Miguel"]
[Black "Glavina, Pablo"]
[Result "1-0"]
[WhiteElo "2406"]
[BlackElo "2406"]
[PlyCount "63"]
[GameId "2166508143710900"]
[EventDate "2024.01.27"]
[WhiteTeam "Jaime Casas"]
[BlackTeam "MyInvestor Casablanca A"]

1. Nf3 d5 2. g3 Nd7 3. Bg2 e5 4. O-O Ngf6 5. c4 c6 6. cxd5 cxd5 7. Nc3 d4 8. Nb5 a6 9. Na3 Rb8 10. Nc4 Qc7 11. d3 Ng4 12. Bd2 b5 13. Na5 b4 14. Qa4 Rb5 15. Rac1 Bc5 16. Bxb4 O-O 17. Bd2 Rxb2 18. Nb3 a5 19. Qc4 e4 20. dxe4 d3 21. Nxc5 dxe2 22. Rfe1 Nde5 23. Qc3 Rb5 24. Rxe2 Nxf3+ 25. Bxf3 Ne5 26. Bh5 g6 27. Bf4 Re8 28. Bxe5 Rxe5 29. Na4 Qxc3 30. Nxc3 Rec5 31. Rec2 Rb7 32. Bd1 1-0

[Event "Campeonato de Aragon por Equipos 2024 - "]
[Site "?"]
[Date "2024.04.06"]
[Round "10.3"]
[White "Quintin Navarro, Alberto"]
[Black "Ramiro Ovejero, Juan Luis"]
[Result "1-0"]
[WhiteElo "2371"]
[BlackElo "2317"]
[PlyCount "115"]
[GameId "2166508143809205"]
[EventDate "2024.01.27"]
[WhiteTeam "MyInvestor Casablanca A"]
[BlackTeam "Jaime Casas"]

1. Nf3 d5 2. c4 e6 3. d4 h6 4. g3 Nf6 5. Bg2 Bd6 6. O-O O-O 7. b3 b6 8. Nc3 Bb7 9. Bb2 Nbd7 10. Rc1 Re8 11. Nd2 Bb4 12. a3 Bf8 13. e4 dxe4 14. Ndxe4 Nxe4 15. Nxe4 Rb8 16. d5 exd5 17. cxd5 f5 18. Nc3 Ba6 19. Re1 Nc5 20. Rxe8 Qxe8 21. Bf1 Bxf1 22. Kxf1 Ne4 23. Ne2 Qh5 24. Kg2 Bc5 25. Bd4 Re8 26. Bxc5 Nxc5 27. Nd4 Qf7 28. Qf3 Re5 29. Nc6 Re4 30. b4 Nd7 31. Rd1 Ne5 32. Qxf5 Qxf5 33. Ne7+ Kf7 34. Nxf5 Re2 35. Nd4 Ra2 36. Nb5 Ng4 37. Rd4 h5 38. h3 Ne3+ 39. Kf3 Nc2 40. Rc4 a6 41. Nxc7 Nxa3 42. Rc6 a5 43. Rxb6 Nc4 44. Rb8 a4 45. Nb5 Rd2 46. Ke4 a3 47. Ra8 a2 48. Nc3 Nd6+ 49. Ke3 Nc4+ 50. Ke4 Nd6+ 51. Kf4 Rxf2+ 52. Ke5 Nc4+ 53. Kd4 Nb6 54. Rxa2 Rf3 55. Ra7+ Kf8 56. Rb7 Rf6 57. Ne4 Rg6 58. d6 1-0

[Event "Campeonato de Aragon por Equipos 2024 - "]
[Site "?"]
[Date "2024.04.06"]
[Round "10.4"]
[White "Newrkla, Katharina"]
[Black "Adla, Diego"]
[Result "0-1"]
[WhiteElo "2209"]
[BlackElo "2383"]
[PlyCount "60"]
[GameId "2166508143841974"]
[EventDate "2024.01.27"]
[WhiteTeam "Jaime Casas"]
[BlackTeam "MyInvestor Casablanca A"]

1. e4 e5 2. Nf3 Nf6 3. d4 Nxe4 4. Bd3 d5 5. Nxe5 Nd7 6. Nc3 Nxc3 7. bxc3 Nxe5 8. dxe5 Bc5 9. O-O O-O 10. Rb1 Qh4 11. Qf3 c6 12. Be3 b6 13. Bxc5 bxc5 14. c4 Be6 15. Qe3 dxc4 16. Be4 Rad8 17. g3 Qe7 18. Bxc6 Bf5 19. Rb7 Qe6 20. Bg2 Bxc2 21. Qxc5 Rc8 22. Qxa7 Qxe5 23. Re7 Qf6 24. Rc1 Bg6 25. a4 c3 26. a5 c2 27. Ree1 Qc3 28. Bb7 Rce8 29. Rxe8 Rxe8 30. Qb6 Qd2 0-1

[Event "Campeonato de Aragon por Equipos 2024 - "]
[Site "?"]
[Date "2024.04.06"]
[Round "10.5"]
[White "Hinojar Basa, Alfonso"]
[Black "Cifuentes Parada, Roberto"]
[Result "1-0"]
[WhiteElo "2215"]
[BlackElo "2380"]
[PlyCount "107"]
[GameId "2166508143895223"]
[EventDate "2024.01.27"]
[WhiteTeam "Marcos Frechin A"]
[BlackTeam "Jaque - Aramovil"]

1. e4 c5 2. Nf3 e6 3. d4 cxd4 4. Nxd4 Nc6 5. Nc3 d6 6. g3 Nf6 7. Bg2 Bd7 8. O-O a6 9. Nxc6 Bxc6 10. a4 Be7 11. a5 O-O 12. Be3 Nd7 13. Na4 Rc8 14. Qd2 f5 15. Nb6 Nxb6 16. Bxb6 Qd7 17. Rfe1 e5 18. exf5 Bxg2 19. Kxg2 Qc6+ 20. Kg1 Rxf5 21. Rad1 h5 22. c3 h4 23. Qd5+ Qxd5 24. Rxd5 Kf7 25. Kg2 Ke6 26. Red1 hxg3 27. hxg3 Rh5 28. Kf3 Rc4 29. Ke2 g5 30. R5d3 g4 31. b3 Re4+ 32. Be3 Rh2 33. c4 Bf8 34. Rd5 Kf5 35. Kd3 Be7 36. Rf1 Bf8 37. b4 Be7 38. b5 Bf8 39. bxa6 bxa6 40. Rb1 Be7 41. Rb7 Rxe3+ 42. Kxe3 Ke6 43. Rb6 Rh1 44. Rxa6 Rc1 45. Kd3 e4+ 46. Kxe4 Rxc4+ 47. Rd4 Rc2 48. Kf4 Rxf2+ 49. Kxg4 Ke5 50. Rd1 Re2 51. Kf3 Ra2 52. Re1+ Kf6 53. Ra8 d5 54. Ra6+ 1-0

[Event "Campeonato de Aragon por Equipos 2024 - "]
[Site "?"]
[Date "2024.04.06"]
[Round "10.6"]
[White "Escartin Lacasa, Jose"]
[Black "Fuster Garcia, Luis Miguel"]
[Result "1-0"]
[WhiteElo "2252"]
[BlackElo "2143"]
[PlyCount "99"]
[GameId "2166508143932088"]
[EventDate "2024.01.27"]
[WhiteTeam "Jaque - Aramovil"]
[BlackTeam "Marcos Frechin A"]

1. d4 Nf6 2. Nf3 g6 3. c4 Bg7 4. Nc3 d6 5. e4 O-O 6. Be3 e5 7. Be2 Nc6 8. d5 Ne7 9. Nd2 Ne8 10. O-O f5 11. f3 f4 12. Bf2 a5 13. a3 g5 14. b4 axb4 15. axb4 Rxa1 16. Qxa1 h5 17. Qa8 Nf6 18. c5 g4 19. cxd6 cxd6 20. Nc4 gxf3 21. Bxf3 Ng4 22. Bb6 Qd7 23. h3 Ne3 24. Nxe3 fxe3 25. Bxe3 Ng6 26. Ne2 Nh4 27. Bxh5 Rxf1+ 28. Kxf1 Nxg2 29. Kxg2 Qxh3+ 30. Kf2 Kh7 31. Qb8 Bf6 32. Qc7+ Kh8 33. Ke1 Qxh5 34. Qxc8+ Kg7 35. Qxb7+ Kg6 36. Qb5 Qh1+ 37. Kd2 Bh4 38. Qe8+ Kg7 39. Qd7+ Kg8 40. Qg4+ Kh8 41. Qh5+ Kg8 42. Bf2 Qxe4 43. Qxh4 Qxd5+ 44. Ke1 Kf7 45. Qh5+ Kg8 46. Qg4+ Kf8 47. Qf5+ Ke8 48. Qc8+ Kf7 49. Nc3 Qd3 50. b5 1-0

[Event "Campeonato de Aragon por Equipos 2024 - "]
[Site "?"]
[Date "2024.04.06"]
[Round "10.7"]
[White "Miranda Herrera, Jorge Manuel"]
[Black "Ereza Vizcarra, Fernando"]
[Result "0-1"]
[WhiteElo "2091"]
[BlackElo "2166"]
[PlyCount "86"]
[GameId "2166508143968953"]
[EventDate "2024.01.27"]
[WhiteTeam "Marcos Frechin A"]
[BlackTeam "Jaque - Aramovil"]

1. e4 c5 2. c3 g6 3. d4 cxd4 4. cxd4 d5 5. e5 Bg7 6. Nc3 Nh6 7. Bf4 Nc6 8. Qd2 Nf5 9. Nf3 h5 10. Bb5 Bd7 11. Nxd5 O-O 12. Bxc6 Bxc6 13. Ne3 Nxe3 14. Bxe3 Rc8 15. O-O Qd7 16. Nh4 Rfd8 17. f4 Be4 18. Rac1 Qd5 19. b3 e6 20. Rxc8 Rxc8 21. Rc1 Rxc1+ 22. Qxc1 Bf8 23. Kf2 Qa5 24. Qd2 Bb4 25. Qe2 Qa3 26. Bd2 Bxd2 27. Qxe4 Qxa2 28. Qe2 Qa5 29. f5 Bc3 30. Nf3 exf5 31. Qc4 Qa2+ 32. Kg3 Qc2 33. h4 Qc1 34. Qc8+ Kg7 35. Qxb7 Be1+ 36. Kh2 Qf4+ 37. Kg1 Qe3+ 38. Kh1 Bg3 39. Qc7 Qxb3 40. Qc1 a5 41. Nd2 Qe3 42. Qd1 Qxd4 43. Qc2 Qxh4+ 0-1

[Event "Campeonato de Aragon por Equipos 2024 - "]
[Site "?"]
[Date "2024.04.06"]
[Round "10.8"]
[White "Carrasquer Alonso, Luis"]
[Black "Moya Gimeno, Raul"]
[Result "1-0"]
[WhiteElo "1816"]
[BlackElo "1928"]
[PlyCount "61"]
[GameId "2166508144001722"]
[EventDate "2024.01.27"]
[WhiteTeam "Jaque - Aramovil"]
[BlackTeam "Marcos Frechin A"]

1. e4 c5 2. g3 Nc6 3. Bg2 g6 4. Nf3 Bg7 5. d3 d6 6. c3 Bd7 7. Nbd2 Qc8 8. Nf1 Bh3 9. Ne3 Bxg2 10. Nxg2 Nf6 11. Be3 Ng4 12. d4 Nxe3 13. fxe3 O-O 14. O-O b6 15. Nf4 Qb7 16. Qd3 Rad8 17. Rf2 b5 18. Raf1 Nb8 19. Nd5 e6 20. Ng5 exd5 21. Rxf7 Rxf7 22. Rxf7 Rd7 23. Rf2 dxe4 24. Qf1 c4 25. Qh3 Bh8 26. Qe6+ Kg7 27. Qe8 Kh6 28. Qxh8 Kxg5 29. Qf6+ Kh6 30. Rf4 Qd5 31. Rh4+ 1-0

[Event "Campeonato de Aragon por Equipos 2024 - "]
[Site "?"]
[Date "2024.04.06"]
[Round "10.9"]
[White "Del Rey, Diego"]
[Black "Romero Pallares, Daniel"]
[Result "1-0"]
[WhiteElo "2302"]
[BlackElo "2296"]
[PlyCount "107"]
[GameId "2166508144042683"]
[EventDate "2024.01.27"]
[WhiteTeam "El Olivar"]
[BlackTeam "Palacio De Pioneros"]

1. d4 d5 2. c4 e6 3. Nf3 Nf6 4. g3 h6 5. Bg2 Bd6 6. O-O O-O 7. b3 b6 8. cxd5 exd5 9. Ba3 Bf5 10. Bxd6 Qxd6 11. Nc3 c6 12. Rc1 Nbd7 13. Nh4 Bh7 14. Bh3 Rfe8 15. Nf5 Bxf5 16. Bxf5 g6 17. Bh3 Nf8 18. Qd2 Kg7 19. Qf4 Qxf4 20. gxf4 g5 21. fxg5 hxg5 22. e3 Ng6 23. Ne2 Rh8 24. Bg2 Ne7 25. Ng3 Nh5 26. Bf3 Nf6 27. Rfe1 Rh6 28. b4 b5 29. a4 bxa4 30. Ra1 Rhh8 31. Rxa4 Rhb8 32. Rea1 Kf8 33. Ne2 Ne4 34. Bxe4 dxe4 35. Ng3 f5 36. Ra5 Rb5 37. Rxb5 cxb5 38. Rc1 Kg7 39. Rc5 Kg6 40. Re5 Kf6 41. Rxb5 Rd8 42. Rb7 Nd5 43. Rxa7 Nxb4 44. Ra4 Rb8 45. Ra5 Nd3 46. Ra6+ Kf7 47. Nxf5 Ne1 48. Nd6+ Kg6 49. Nxe4+ Kf5 50. Nc3 Rb3 51. Rc6 Ra3 52. h3 Ra1 53. e4+ Kf4 54. Rf6# 1-0

[Event "Campeonato de Aragon por Equipos 2024 - "]
[Site "?"]
[Date "2024.04.06"]
[Round "10.10"]
[White "Garcia Gracia, Victor Hugo"]
[Black "Munoz Perez, Ivan"]
[Result "0-1"]
[WhiteElo "2171"]
[BlackElo "2259"]
[PlyCount "70"]
[GameId "2166508144079548"]
[EventDate "2024.01.27"]
[WhiteTeam "Palacio De Pioneros"]
[BlackTeam "El Olivar"]

1. e4 e5 2. Nf3 d6 3. Bc4 c6 4. Nc3 g6 5. d3 Bg7 6. Bb3 Nf6 7. Bg5 h6 8. Be3 O-O 9. Qd2 Ng4 10. h4 Nd7 11. h5 Nxe3 12. Qxe3 g5 13. O-O-O Nc5 14. d4 Nxb3+ 15. axb3 Qf6 16. d5 c5 17. Nd2 Bd7 18. g3 b5 19. Rdf1 a5 20. f4 exf4 21. gxf4 g4 22. Rhg1 b4 23. e5 dxe5 24. Nce4 Qf5 25. Nc4 exf4 26. Rxf4 Qxh5 27. Nxc5 Bf5 28. Qf2 Bg6 29. Rfxg4 Rfd8 30. d6 Kh7 31. Ne4 Qd5 32. Qg2 Qf5 33. Rf1 Qe6 34. Nc5 Qc8 35. Qd5 Qxg4 0-1

[Event "Campeonato de Aragon por Equipos 2024 - "]
[Site "?"]
[Date "2024.04.06"]
[Round "10.11"]
[White "Miranda Herrera, Miguel"]
[Black "Lacruz Algarate, Alvaro"]
[Result "0-1"]
[WhiteElo "2104"]
[BlackElo "2114"]
[PlyCount "126"]
[GameId "2166508144116413"]
[EventDate "2024.01.27"]
[WhiteTeam "El Olivar"]
[BlackTeam "Palacio De Pioneros"]

1. d4 d5 2. Nc3 Nf6 3. Bf4 e6 {[%emt 0:01:26]} 4. Nb5 Na6 5. e3 Bb4+ {[%emt 0:01:25]} 6. c3 {[%emt 0:01:33]} Be7 7. Bd3 {[%emt 0:01:25]} O-O {[%emt 0:01:16]} 8. g4 {[%emt 0:01:24]} c6 {[%emt 0:00:59]} 9. Na3 b5 {[%emt 0:00:59]} 10. Nc2 {[%emt 0:01:21]} b4 {[%emt 0:00:59]} 11. g5 {[%emt 0:01:18]} Nd7 {[%emt 0:00:50]} 12. Nf3 {[%emt 0:01:04]} c5 {[%emt 0:00:37]} 13. h4 {[%emt 0:00:57]} bxc3 {[%emt 0:00:36]} 14. bxc3 {[%emt 0:00:56]} Qa5 {[%emt 0:00:29]} 15. Qd2 {[%emt 0:00:55]} c4 {[%emt 0:00:28]} 16. Be2 {[%emt 0:00:51]} Qb6 {[%emt 0:00:17]} 17. Qc1 {[%emt 0:00:43]} Bd6 18. Rb1 Qc7 19. Bxd6 Qxd6 {[%emt 0:00:18]} 20. Qa3 {[%emt 0:00:44]} Qxa3 {[%emt 0:00:18]} 21. Nxa3 Nb6 {[%emt 0:00:18]} 22. Ne5 {[%emt 0:00:42]} Nc7 23. f4 {[%emt 0:00:39]} f6 {[%emt 0:00:16]} 24. Ng4 Bd7 {[%emt 0:00:15]} 25. Rg1 {[%emt 0:00:30]} Kh8 26. Kd2 Ne8 27. Bf3 {[%emt 0:00:28]} Nd6 28. gxf6 gxf6 29. Nh6 Be8 {[%emt 0:00:13]} 30. h5 {[%emt 0:00:27]} Nf7 {[%emt 0:00:11]} 31. Ng4 Nd6 32. Nh6 Nf7 {Oferta de tablas.} 33. Nxf7+ {[%emt 0:00:25]} Rxf7 34. h6 f5 {[%emt 0:00:08]} 35. Rg2 Rf6 36. Rbg1 Rg6 37. Bd1 Nc8 38. Nc2 Nd6 39. Bf3 {Oferta de tablas... ya sabía que la estaba liando mucho.} Rb8 40. Nb4 Rb6 41. Kc1 Nb5 42. Bxd5 Nxc3 {Aquí era ya de abandono, no sé porqué seguí jugando... De rancho} 43. Bxc4 Rxb4 44. Bd3 Nxa2+ 45. Kd1 Nc3+ 46. Kd2 Rb2+ 47. Bc2 Nd5 48. Rxg6 hxg6 49. Ra1 Nb4 50. Kc3 Rxc2+ 51. Kxb4 Rc7 52. Ra6 Bf7 53. Ra1 Kh7 54. Rh1 Be8 55. Rh2 Bc6 56. Kc5 Bd5+ 57. Kd6 Rb7 58. Ke5 a5 59. Rc2 a4 60. Rc5 Ra7 61. Rc1 a3 62. Kf6 a2 63. Ra1 Kxh6 0-1

[Event "Campeonato de Aragon por Equipos 2024 - "]
[Site "?"]
[Date "2024.04.06"]
[Round "10.12"]
[White "Dan, Teodor"]
[Black "Galstyan, David"]
[Result "1-0"]
[WhiteElo "1981"]
[BlackElo "2052"]
[PlyCount "91"]
[GameId "2166508144206526"]
[EventDate "2024.01.27"]
[WhiteTeam "Palacio De Pioneros"]
[BlackTeam "El Olivar"]

1. d4 e6 2. c4 b6 3. Nc3 Bb7 4. Nf3 Bb4 5. Bd2 f5 6. g3 Nf6 7. Bg2 O-O 8. O-O Bxc3 9. Bxc3 Ne4 10. Qc2 d6 11. Nd2 d5 12. c5 Nc6 13. b4 bxc5 14. Nxe4 fxe4 15. dxc5 a6 16. Bh3 Bc8 17. a4 e5 18. Bg2 Be6 19. Rad1 Qf6 20. b5 axb5 21. axb5 Ne7 22. Ra1 Rxa1 23. Bxa1 Bf5 24. Qb3 Rb8 25. Bc3 Be6 26. Qb2 d4 27. Ba5 Bc4 28. Bxc7 Rxb5 29. Qa3 Qc6 30. Bxe5 d3 31. exd3 Bxd3 32. Rc1 Qc8 33. Qa2+ Kf8 34. Bd6 Ke8 35. Qa1 Qg4 36. Qe5 Qd7 37. Bh3 Qb7 38. Qxg7 Rb1 39. Qh8+ Kf7 40. Qxh7+ Ke8 41. Qh5+ Kf8 42. Bxe7+ Kxe7 43. Qh7+ Kf8 44. Qxb7 Rxc1+ 45. Bf1 Bxf1 46. Qb8+ 1-0

[Event "Campeonato de Aragon por Equipos 2024 - "]
[Site "?"]
[Date "2024.04.06"]
[Round "10.13"]
[White "Arrieta Restrepo, Steven"]
[Black "Lopez Caudevilla, David"]
[Result "0-1"]
[WhiteElo "2079"]
[BlackElo "2180"]
[PlyCount "74"]
[GameId "2166508144259775"]
[EventDate "2024.01.27"]
[WhiteTeam "Monzon"]
[BlackTeam "Actur Rey Fernando"]

1. Nf3 g6 2. c4 Bg7 3. Nc3 d6 4. d4 Nf6 5. e4 O-O 6. Be2 Nbd7 7. e5 Ne8 8. Bf4 c5 9. exd6 Nxd6 10. d5 a6 11. O-O Nf6 12. h3 Bf5 13. Qb3 Nfe4 14. Rfd1 Nxc3 15. bxc3 Qa5 16. Be5 Rab8 17. a4 Qc7 18. Bh2 Qa5 19. Rdc1 Ne4 20. Ra3 Rbd8 21. g4 Bc8 22. Qc2 f5 23. Nd2 Nxd2 24. Qxd2 e5 25. Bg3 Qc7 26. Bh4 Rd6 27. Re1 Qf7 28. Qe3 g5 29. Bxg5 Rg6 30. f4 fxg4 31. Rf1 gxh3 32. Kh1 h6 33. fxe5 Qxf1+ 34. Bxf1 Rxf1+ 35. Kh2 Rxg5 36. e6 Be5+ 37. Kxh3 Rh1# 0-1